| 000 | 00412nam a2200145Ia 4500 | ||
|---|---|---|---|
| 008 | 210210b2000 xxu||||| |||| 00| 0 eng d | ||
| 020 | _a0 00 711923 2 | ||
| 082 | _a823.914 XINS | ||
| 100 | _aXINGJIAN (Gao). | ||
| 245 | _aSoul mountain. Tr from the chinese by Mabel Lee. | ||
| 260 |
_aLondon. _bFlamingo, Harper Collins Publishers., _c2000 |
||
| 300 | _axi,510 | ||
| 690 | _aEnglish Fiction | ||
| 906 | _a056814 | ||
| 999 |
_c104586 _d104586 |
||